Normal view
MARC view
Entry Personal Name
001 - CONTROL NUMBER
- control field: 21121
003 - CONTROL NUMBER IDENTIFIER
- control field: OSt
005 - DATE AND TIME OF LATEST TRANSACTION
- control field: 20210129154500.0
008 - FIXED-LENGTH DATA ELEMENTS
- fixed length control field: 210129|| aca||aabn | a|a d
040 ## - CATALOGING SOURCE
- Original cataloging agency: OSt
- Transcribing agency: OSt
100 ## - HEADING--PERSONAL NAME
- Personal name: Giulio, Defila. R. and Antonietta, Di
670 ## - SOURCE DATA FOUND
- Source citation: Work cat.: (OSt)514560: Giulio, Defila. R. and Antonietta, Di, The concept of "consumption corridors" meets society: how an idea for fundamental changes in consumption is received
